| 000 | 00511nam a2200169 i 4500 | ||
|---|---|---|---|
| 001 | 70858 | ||
| 003 | ES-MaACL | ||
| 005 | 20230906170938.0 | ||
| 007 | t| | ||
| 008 | 040803s1958 sp ||||1| spa d | ||
| 100 | 1 |
_aGarrigues, Joaquín ( _d1899-1983) _9162586 |
|
| 245 | 1 | 0 |
_aContratos bancarios / _cJoaquín Garrigues. |
| 260 |
_aMadrid : _b[s.n., _c1958] ( _fSilverio Aguirre Torre) |
||
| 300 |
_a694 p. ; _c24 cm. |
||
| 650 | 4 |
_aContratos bancarios- _zEspaña. _9162590 |
|
| 852 |
_aES-MaACL _jC-15340 _bR.43095 |
||
| 999 |
_c70858 _d70858 |
||